000 00313nam a2200133Ia 4500
005 20260328101441.0
008 260328s9999||||xx |||||||||||||| ||und||
100 _aMoneo, Rafael
245 0 _aCruz / Ortiz /
_cRafael Moneo
260 _bTanais Ediciones
300 _a175 p.
650 _aARQUITECTOS
942 _cBK
999 _c8278
_d8278